| 000 | 00787nam a2200205Ia 4500 | ||
|---|---|---|---|
| 003 | GCL | ||
| 008 | 140319s9999 xx 000 0 ara d | ||
| 040 |
_aGCL / _cGCL |
||
| 082 | 0 | 4 |
_a236.8 _bا م |
| 100 | 1 | _aاحمد محمد شاكر | |
| 245 | 1 | 0 |
_aالمسند: للامام احمد بن محمد بن حنبل 164 - 241 / _cاحمد محمد شاكر |
| 700 | 1 | _aالحسينى عبدالحميد هاشم | |
| 700 | 1 | _aاحمد بن محمد بن حنبل | |
| 490 |
_aالهيئة العامة للاستعلامات _v0 |
||
| 650 | 0 | 4 | _aالاسلام |
| 650 | 0 | 4 | _aالحديث |
| 650 | 0 | 4 | _aابن حنبل: ابوعبدالله احمد بن محمد بن هلال بن اسد بن ادريس الشيبانى |
| 650 | 0 | 4 | _aالحديث - اسناد |
| 942 |
_2ddc _cBK |
||
| 999 |
_c49629 _d49629 |
||